Urban design ecologies / (Record no. 600755)

000 -LEADER
fixed length control field 00281nam a2200109Ia 4500
008 - FIXED-LENGTH DATA ELEMENTS--GENERAL INFORMATION
fixed length control field 230907s9999||||xx |||||||||||||| ||und||
082 ## - DEWEY DECIMAL CLASSIFICATION NUMBER
Classification number 307.1216
Author Mark MCG
245 #0 - TITLE STATEMENT
Title Urban design ecologies /
260 ## - PUBLICATION, DISTRIBUTION, ETC.
Place of publication, distribution, etc. Wiley,
Name of publisher, distributor, etc. Chichester, West Sussex :
Date of publication, distribution, etc. 2013
300 ## - PHYSICAL DESCRIPTION
Extent 319 p. :
942 ## - ADDED ENTRY ELEMENTS (KOHA)
Koha item type Book
Holdings
Withdrawn status Lost status Damaged status Not for loan Permanent Location Current Location Date acquired Total Checkouts Full call number Barcode Date last seen Price effective from Koha item type
        US-Pakistan Center for Advanced Studies in Energy (USPCAS-E) US-Pakistan Center for Advanced Studies in Energy (USPCAS-E) 11/05/2019   307.1216 MCG CAS-E0004854 09/12/2023 09/12/2023 Book
© 2023 Central Library, National University of Sciences and Technology. All Rights Reserved.